000 00294nam a2200133Ia 4500
100 _aHayt/William H
942 _cBK
654 _acircuit
245 _aEngineering Circuit Analysis
260 _bMc Graw Hill
_aNew York
_c1993
082 _a621.3192
_bHAY
300 _a706
546 _aENGLISH
999 _c24562
_d24562